000 00296nam a22001097a 4500
005 20251014101154.0
008 251014b |||||||| |||| 00| 0 eng d
040 _cPK-LaNCA
082 _a711.40973
_bMAK
245 _aMaking the metropolitan landscape : standing firm on middle ground
942 _cBK
999 _c67024
_d67024